000 00501nam a2200181Ia 4500
008 100917s9999 xx 000 0 und d
082 _b50734
100 _aकेळकर मृणालिनी
245 _aचक्रवाक
260 _bनेत्रा प्रकाशन
_c1981
300 _a88
365 _b10
520 _aकादंबरी
630 _aचक्रवाक
650 _aकादंबरी
730 _aचक्रवाक
942 _cBOOK
999 _c656128
_d656125